000 01517namaa22003251i 4500
003 EG-GICUC
005 20260513101828.0
008 260513m1996199usy ||||jr|||| 001 0cara d
017 _a1996 / 11 / 1611
040 _aEG-GiCUC
_bara
_cEG-GiCUC
_dEG-GiCUC
_erda
043 _a ma-----
082 0 4 _221
_a920
_bH132
092 0 4 _221
_a920
_bH132
099 _a920 H132 1996
100 1 _aالهاشمى، أحمد بن محمد الحضراوى المكى
_eمؤلف.
245 1 0 _aنزهة الفكر فيما مضى من الحوادث والعبر فى تراجم رجال القرن الثانى عشر والثالث عشر قطعة منه /
_cتأليف أحمد بن محمد الحضراوى المكى الهاشمى ؛ حققه محمد المصرى
264 _aدمشق (سوريا) :
_bمنشورات وزارة الثقافة،
_c1996-
300 _aمجلدات 2 ؛
_c24 سم
336 _2rdacontent
_atext
337 _2rdamedia
_aUnmediated
338 _2rdacarrier
_avolume
490 _aوزارة الثقافة احياء التراث العربى ؛
_v101، 102
500 _aالقسم الاول . أ-ز -- القسم الثانى . س-ق
504 _aيشتمل على ارجاعات ببليوجرافية وكشافات وفهارس.
541 _aد. جابر عصفور ؛
_bالقاهرة ؛
_cإهداء ؛
_d2024.
650 1 7 _aالاسلام
_vتراجم
_xتاريخ
_2qrmak
700 1 _aالمصرى، محمد
_eمحقق.
905 _aNermeen
942 _2ddc
_cBK
_e21
_n0
999 _c180115
_d180115